000 00362cam a2200145ua 4500
041 _aeng
_h
082 _a822
_bHAL/LE
100 _aHalliday, F E .
245 _aLegend of the Rood /
_cF E Halliday.
_hTextual Documents
260 _aLondon :
_bGerald Duckworth and Co. Ltd. ,
_c1955.
300 _a142 ; .
504 _a
942 _cBK
999 _c6044
_d6044